A bibliography of works relating to mummification in Egypt : with excerts, epitomes, critical and biographical notes /

محفوظ في:

المؤلف الرئيسي: Dawson, Warren Royal, 1888-1968 (مؤلف)

التنسيق: كتاب

اللغة: English

منشور في: Le Caire : Imprimerie de l'Institut français d'archéologie orientale, 1929.

سلاسل: Memoires de l'Institut d'Egypte ; 13.
MIE ; 13.

الموضوعات:

الوسوم: إضافة وسم

لا توجد وسوم, كن أول من يضع وسما على هذه التسجيلة!

رقم الطلب: DT43 .I625 v.13

LEADER 00937nam a2200265I 4500
001 5535
003 OSt
005 20260316134443.0
008 130303s1929 ua c 000 0 eng d
010 |a 29028979 
040 |c ARCE Library 
050 4 |a DT43 .I625 v.13 
100 1 |a Dawson, Warren Royal,   |d 1888-1968,   |e author 
245 1 2 |a A bibliography of works relating to mummification in Egypt :  |b with excerts, epitomes, critical and biographical notes /  |c by Warren R. Dawson.  |n   
264 1 |a Le Caire :   |b Imprimerie de l'Institut français d'archéologie orientale,   |c 1929. 
300 |a 3 pages ℓ., 49 pages, 1 :  |b portrait ;  |c 28 cm. 
490 1 |a Memoires de l'Institut d'Egypte ;   |v 13. 
490 1 |a MIE ;   |v 13. 
650 0 |a Mummies   |v Bibliography. 
650 0 |a Embalming   |v Bibliography. 
830 0 |a Memoires de l'Institut d'Egypte ;   |v 13. 
830 0 |a MIE ;   |v 13. 
901 |a reviewed 
942 |c BK  |2 lcc 
999 |c 9449  |d 9449